Apparatus for the extraction of samples of rubber and other materials with solvents (Record no. 54343)

MARC details
000 -LEADER
fixed length control field 00375nam a2200133Ia 4500
100 ## - MAIN ENTRY--AUTHOR NAME
Personal name Stern H J
245 #0 - TITLE STATEMENT
Title Apparatus for the extraction of samples of rubber and other materials with solvents
260 ## - PUBLICATION, DISTRIBUTION, ETC. (IMPRINT)
Name of publisher IRI Transactions
Year of publication 1934
300 ## - PHYSICAL DESCRIPTION
Number of Pages 363-366
650 ## - SUBJECT ADDED ENTRY--TOPICAL TERM
Topical Term Rubber extraction
700 ## - ADDED ENTRY--PERSONAL NAME
Personal name Pufett W
942 ## - ADDED ENTRY ELEMENTS (KOHA)
Koha item type Journals
Holdings
Withdrawn status Lost status Damaged status Not for loan Home library Current library Shelving location Date acquired Serial Enumeration / chronology Koha item type
      Journals RRII Library RRII Library Rubber chemistry 17/12/2021 Volume 9, Issue 5 Journals